Guess Sleep Token songs by lyrics #1 - Statistics

General Stats
  • This quiz has been taken 359 times
  • The average score is 6 of 10
Answer Stats
Lyrics Song % Correct
We dive through crystal waters
Perfect oceans
But no one told me not to breathe
And now the weightlessness recedes
Take Me Back To Eden
90%
So let's make trouble in the dream world Hijack Heaven with another memory now I make the most of the turning tide It just split what's left of the burning silence The Apparition
80%
There is always something in the way I wanna have you to myself for once Follow me between the jaws of fate So I can have you to myself for once Vore
71%
Fall into your eyes like a graveBury me to the sound of your name Fall into your eyes like a grave Bury me to the sound of your name All your pain Like That
63%
You've got me up in a frenzy again I know you're planning to leave in the end Say That You Will
56%
Rivers and oceans We could beckon, no Your eyes and your limbs Are instruments to pick apart The distance within Telomeres
55%
I won't repeat What I have said beforеhand My love withers and chokes in pеrfect awe Descending
48%
And I know
The Gods will
Abandon the heavens just to find us
To merely
Behold you
As we lie down together
Drag Me Under
48%
Sometimes when we touch Everything we love resets It's only just enough Even when we run with death When the Bough Breaks
48%
And is that all you need
To merely pretend to be
Falling in love with me?
Forgetting the agony again
Levitate
46%
No matching quizzes found
Score Distribution
Percent of People with Each Score
Percentile by Number Answered
Your Score History
You have not taken this quiz